000 00529pab a2200169 454500
008 180718b2000 xxu||||| |||| 00| 0 eng d
100 _aSchmidt-Wilk, Jane
245 _aHigher education for higher consciousness: Maharishi University of Management as a model for spirituality in management education
260 _c2000
300 _ap.580-611
362 _aOct
650 _aManagement education
700 _aSteingard, David
700 _aHeaton, Dennis P.
773 _aJournal of Management Education
909 _a48101
999 _c48101
_d48101